000 01197cam a22002055a 4500
001 L156101
008 120430s1853 xxk f 000 0 eng d
035 _a(Sirsi) u156101
041 0 _aeng
100 1 _aTredgold, Thomas
_d1788-1829
245 0 0 _aElementary principles of carpentry
_ba treatise on the pressure and equilibrium of timber framing, the resistance of timber, and the construction of floors, centres, bridges, roofs; uniting iron and stone with timber, etc. With practical rules and examples. To which is added an essay on the nature and properties of timber ... also numerous tables ... Illustrated by fifty-three engravings, a portrait of the author, and several wood cuts
250 _aFourth edition, corrected and considerably enlarged
_bWith an appendix, containing specimens of various ancient and modern roofs, by Peter Barlow ...
260 _aLondon
_bJohn Weale
_c1853
300 _axxiv, 334 p.
_bfront. (port.) illus. (incl. tables) 53 plates (part fold.)
_c29 x 22 cm.
583 _aCondition reviewed
_c20120620
_lcondition level 4
651 4 _aGreat Britain
_y1707-
690 _aBuilding materials and defects
700 1 _aBarlow, Peter
_d1776-1862
942 _n0
999 _c114031
_d114031